00684nam a22002057a 450000500170000001000130001702000260003003500130005603700330006908200070010210000220010924500570013124600330018826000660022127001380028730000210042550000060044660000160045260000100046820200521130305.0 aB-395282 c150.00a9788182236509 aB-395282 bEducational Publishing House aک aنثار راہی a‌‌‌دوسری عورت /b cنثار راہی aDusri Aurat /bby Nisar Rahi aدلّیbایجوکيشنل پبلشنگ ہاؤسc2010 ء a3108,Vakil Street, Kucha Pandit, Lal KuanbDelhie110006k23216162, 23214465minfo@ephbooks.com, ephdelhi@yahoo.coml0091-11-23211540 a159 صc22cm(Hb) a  aکہا نی aStory